| 000 | 00785nas a2200253 4500 | ||
|---|---|---|---|
| 001 | BR8107100 | ||
| 003 | BR-BrBNA | ||
| 005 | 20231205084857.0 | ||
| 007 | ta | ||
| 008 | 230509b bl.|||p| |||| 00| 00por d | ||
| 040 |
_aBR-BrBNA _bpor _cBiblioteca Nacional de Agricultura |
||
| 041 | _a(Pt) | ||
| 072 | _aF60 | ||
| 100 | 1 | _aCoelho, K.J.F. | |
| 245 | 1 | _aEficiencia no uso de agua em plantas jovens de mandioca (Manihot esculenta Crantz)submetidos a deficiencia hidrica | |
| 650 | _aFOTOSSINTESE | ||
| 650 | _aDEFICIENCIA HIDRICA | ||
| 650 | _aMANDIOCA | ||
| 650 | _aTEOR DE UMIDADE | ||
| 650 | _aAGUA | ||
| 773 | 0 |
_tAgropecuaria Tecnica (Brazil) _xISSN 0100-7467 _g(Jan 1981), v. 2(1) p. 20-30 _wBR8107100 |
|
| 909 |
_a202311 _bLúcia _c55 _dLúcia Elande |
||
| 942 |
_2AGRIS _n0 _cANA |
||
| 999 |
_c107857 _d107857 |
||